Kiss Land Tracklist (The Weeknd) - Statistics

General Stats
  • This quiz has been taken 41 times
  • The average score is 9 of 10
Answer Stats
Hint Answer % Correct
8 Kiss Land
100%
7 Wanderlust
96%
1 Professional
91%
10 Tears In The Rain
91%
3 Adaptation
87%
4 Love In The Sky
87%
6 Live For
83%
9 Pretty
83%
2 The Town
78%
5 Belong To The World
74%
No matching quizzes found
Score Distribution
Percent of People with Each Score
Percentile by Number Answered
Your Score History
You have not taken this quiz